000
00319nam a2200109Ia 4500
008
200302s9999 xx 000 0 und d
100
_a
Ipsita Chatterjee
245
_a
Displacement, Revolution, and the New urban Condition - theories and case studies
260
_b
Sage Publications
260
_c
2014
300
_a
158 P.,
999
_c
4267
_d
4267